| 000 -LEADER |
| fixed length control field |
00753nam a22001217a 4500 |
| 040 ## - CATALOGING SOURCE |
| Transcribing agency |
RUA |
| 082 ## - DEWEY DECIMAL CLASSIFICATION NUMBER |
| Classification number |
LMA TAY 2025 B701 Or.1 |
| 100 ## - MAIN ENTRY--AUTHOR NAME |
| Personal name |
TAY NGOY, តៃ ង៉ុយ |
| 245 ## - TITLE STATEMENT |
| Title |
Stdudy of method detting out boundary measurement for using by dgps sino gnss t300 plus in sankat setbou, takhmau city, kandal province, សិក្សាពីវិធីសាស្រ្តវាស់វែងស្វែងរកចំណុចព្រំដីដោយប្រើប្រាស់ឧបករណ៍ DGPS SINO GNSS T300 PLUS ស្ថិតនៅ សង្កាត់សិត្បូ ក្រុងតាខ្មៅ ខេត្តកណ្ដាល |
| 260 ## - PUBLICATION, DISTRIBUTION, ETC. (IMPRINT) |
| Place of publication |
PHNOM PENH |
| Name of publisher |
RUA |
| Year of publication |
2025 |
| 300 ## - PHYSICAL DESCRIPTION |
| Number of Pages |
xii,77. |
| Other physical details |
ill. |
| Dimensions |
29cm. |
| 942 ## - ADDED ENTRY ELEMENTS (KOHA) |
| Koha item type |
LMA |
| 952 ## - LOCATION AND ITEM INFORMATION (KOHA) |
| Withdrawn status [LOCAL, KOHA] |
0 |
| 952 ## - LOCATION AND ITEM INFORMATION (KOHA) |
| Withdrawn status [LOCAL, KOHA] |
0 |